000 00704nai a2200217Ia 4500
003 IN-BaIIA
008 211028c9999 xx s 000 0 eng d
022 _a13645021 (Print)
022 _a14712946 (Online)
040 _cIIA Library
245 0 _aProceedings: Mathematical, Physical and Engineering Sciences
_h[eJournal]
260 _aLondon
_bRoyal Society
310 _aMonthly
362 _a452(1944); 1996 - 472(2196); 2016
521 _bSubscribed through IIA Library
650 _a Mathematics
_982
650 _a Science & Mathematics
_932028
650 _aGeneral Science
_95049
856 _uhttps://www.jstor.org/journal/procmathphysengi
_yClick Here to Access eJournal
942 _cEJ
999 _c35597
_d35597